WWE Royal Rumble 2010 Entrants Quiz - Statistics

General Stats
  • This quiz has been taken 1,559 times
  • The average score is 24 of 30
Answer Stats
EN Answer EL % Correct
19 John Cena 29
98%
29 Edge W
96%
3 CM Punk 7
95%
8 Triple H 17
94%
30 Batista 28
93%
18 Shawn Michaels 27
92%
22 Big Show 22
90%
28 Chris Jericho 26
90%
12 Kane 11
90%
1 Dolph Ziggler 2
88%
5 The Great Khali 4
88%
16 The Miz 8
88%
23 Mark Henry 21
84%
13 Cody Rhodes 13
83%
27 Kofi Kingston 25
82%
25 R-Truth 24
81%
6 Beth Phoenix 5
80%
11 John Morrison 15
76%
2 Evan Bourne 1
74%
14 Montel Vontavious Porter 9
74%
10 Ted Dibiase Jr. 14
74%
9 Drew McIntyre 16
72%
17 Matt Hardy 10
71%
7 Zack Ryder 6
70%
26 Jack Swagger 23
67%
4 JTG 3
64%
20 Shelton Benjamin 18
64%
15 Carlito 12
60%
21 Yoshi Tatsu 19
52%
24 Chris Masters 20
48%
No matching quizzes found
Score Distribution
Percent of People with Each Score
Percentile by Number Answered
Your Score History
You have not taken this quiz